000 00193nam a22000977a 4500
003 SGT
245 _aOral Oncology
260 _bElsevier
300 _a670,1140,618,1050,870,7810
942 _2ddc
_cBV
999 _c30159
_d30159